00686nam a2200217Ia 4500003000900000008004100009040001300050040001300063041000800076100001900084245007600103250000900179260002100188260000900209300000800218490001200226490000600238942000700244999001700251952020000268IT-RoPAU120407s9999 xx 000 0 und d aIT-RoPAU cIT-RoPAU aita aFranz Moschner aLe parabole del regno. Istituzione e dottrina della Chiesa nel Vangelo. aRoma aEdizioni Paoline c1961 c cm aCat. II v1 cBK c17437d17437 00102ddc406208_30260000000000071aPAULUSbPAULUSd2012-04-11l0o208.3026r2012-04-11 00:00:00w2012-04-11yBKzInserito da: Jole In data: 12 settembre 2011 fondo: Via A.Severo 56 Progr:23581